James Bond Films by IMDb Description - Statistics

General Stats
  • This quiz has been taken 73 times
  • The average score is 15 of 25
Answer Stats
Description Film % Correct
After earning a licence to kill, secret agent James Bond sets out on his first mission as 007. Bond must defeat a private banker funding terrorists in a high-stakes game of poker at Casino Royale, in Montenegro. Casino Royale
97%
James Bond's loyalty to M is tested when her past comes back to haunt her. When MI6 comes under attack, 007 must track down and destroy the threat, no matter how personal the cost. Skyfall
90%
While investigating a gold magnate's smuggling, James Bond uncovers a plot to contaminate the Fort Knox gold reserve. Goldfinger
87%
James Bond willingly falls into an assassination plot involving a naive Russian beauty in order to retrieve a Soviet encryption device that was stolen by the organization Spectre. From Russia with Love
80%
A diamond smuggling investigation leads James Bond to Las Vegas where he uncovers an evil plot involving a rich business tycoon. Diamonds Are Forever
63%
James Bond investigates the mid-air theft of a space shuttle, and discovers a plot to commit global genocide. Moonraker
63%
James Bond has left active service. His peace is short-lived when Felix Leiter, an old friend from the CIA, turns up asking for help, leading Bond onto the trail of a mysterious villain armed with dangerous new technology. No Time to Die
63%
A fake Fabergé egg recovered from the body of a fellow agent leads James Bond to uncover a jewel smuggling operation led by the mysterious Octopussy, and a plot to blow up a NATO air base. Octopussy
63%
James Bond is sent to stop a diabolically brilliant heroin magnate armed with a complex organisation and a reliable psychic tarot card reader. Live and Let Die
60%
James Bond tries to stop an organisation from eliminating a country's most valuable resource. Quantum of Solace
57%
A cryptic message from James Bond's past sends him on a trail to uncover the existence of a sinister organisation named SPECTRE. With a new threat dawning, Bond learns the terrible truth about the author of all his pain in his most recent missions. Spectre
57%
James Bond is sent to investigate the connection between a North Korean terrorist and a diamond mogul, who is funding the development of an international space weapon. Die Another Day
53%
A resourceful British government agent seeks answers in a case involving the disappearance of a colleague and the disruption of the American space program. Dr. No
53%
James Bond is targeted by the world's most expensive assassin, while he attempts to recover sensitive solar cell technology that is being sold to the highest bidder. The Man with the Golden Gun
53%
James Bond heads to the Bahamas to recover two nuclear warheads stolen by S.P.E.C.T.R.E. Agent Emilio Largo in an international extortion scheme. Thunderball
53%
The recovery of a microchip from the body of a fellow British secret agent leads James Bond to mad industrialist Max Zorin, who is scheming to cause massive destruction. A View to a Kill
50%
James Bond uncovers a nuclear plot while protecting an oil heiress from her former kidnapper, an international terrorist who can't feel pain. The World Is Not Enough
50%
James Bond sets out to stop a media mogul's plan to induce a war between China and the United Kingdom. Tomorrow Never Dies
50%
James Bond and the Japanese Secret Service must find and stop the true culprit of a series of space hijackings, before war is provoked between Russia and the United States. You Only Live Twice
50%
When a powerful secret defense system is stolen, James Bond is assigned to stop a Russian crime syndicate from using it. GoldenEye
47%
A vengeful James Bond goes rogue to infiltrate and take down the organization of a drug lord who has murdered his friend's new wife and left him near death. Licence to Kill
47%
British agent James Bond goes undercover to pursue the villainous Ernst Stavro Blofeld, who is planning to hold the world to ransom. On Her Majesty's Secret Service
47%
James Bond investigates the hijacking of British and Russian submarines carrying nuclear warheads, with the help of a K.G.B. agent whose lover he killed. The Spy Who Loved Me
47%
Secret service agent James Bond is assigned to find a missing British vessel equipped with a weapons encryption device and prevent it from falling into enemy hands. For Your Eyes Only
43%
James Bond is sent to investigate a KGB policy to kill all enemy spies, and uncovers an arms deal that potentially has major global ramifications. The Living Daylights
43%
No matching quizzes found
Score Distribution
Percent of People with Each Score
Percentile by Number Answered
Your Score History
You have not taken this quiz